000 00692cam a22002171i 4500
001 sa 68020687
003 DLC
005 20260227112726.0
008 920724s1964 io 100 0 ind
010 _asa 68020687
025 _aPL2480:Indo-3593
035 _a(OCoLC)26253631
040 _aDLC
_cCU
_dDLC
042 _apremarc
050 0 0 _aDS632.3.C5
_bB32 1964
110 2 _aBadan Permusyawaratan Kewarganegaraan Indonesia.
245 1 0 _aMadju terus, pantang mundur :
_bmateri² Konperensi Pleno I Baperki di Semarang, September 1963.
260 _a[Djakarta] :
_bBagian Penerbitan, Baperki Pusat,
_c[1964]
300 _a136 p. ;
_c22 cm.
650 0 _aChinese
_zIndonesia
_vCongresses.
999 _c89559
_d89559